Normal view
MARC view
- تأليف بني عامر،عاصم "محمد أمين"
Entry Personal Name
001 - CONTROL NUMBER
- control field: 24089
003 - CONTROL NUMBER IDENTIFIER
- control field: JO-AjAnu
005 - DATE AND TIME OF LATEST TRANSACTION
- control field: 20230606074132.0
008 - FIXED-LENGTH DATA ELEMENTS
- fixed length control field: 230606|| aca||aabn | a|a d
040 ## - CATALOGING SOURCE
- Original cataloging agency: JO-AjAnu
- Transcribing agency: JO-AjAnu
100 ## - HEADING--PERSONAL NAME
- Personal name: تأليف بني عامر،عاصم "محمد أمين"
670 ## - SOURCE DATA FOUND
- Source citation: Work cat.: (JO-AjAnu)12384: تأليف بني عامر،عاصم "محمد أمين", author, لغة التضاد في شعر أمل دنقل